| 000 | 00899nam a2200205 a 4500 | ||
|---|---|---|---|
| 008 | 180903s2016 ||||||||||||||||| || u | ||
| 020 | _a9780128016305 | ||
| 050 | _aTK 7885 Mis | ||
| 100 | _aSingh, Neeraj, Kumar | ||
| 245 | 1 | 0 |
_aSystem on chip interfaces for low power design _cSanjeeb Mishra; Neeraj Kumar Singh; Vijayakrishnan Rousseau |
| 260 |
_aAmsterdam: _bElsevier _c2016 |
||
| 300 | _axv, 392p. : ill | ||
| 350 | _a90.22 | ||
| 650 | _aCOMPUTER HARDWARE | ||
| 650 | _aSYSTEMS ON CHIP | ||
| 700 | _aRousseau, Vijayakrishnan | ||
| 700 | _aMishra, Sanjeeb | ||
| 995 |
_aMAIN LIBRARY OPEN ACCESS _e748579 _FCBU-MAIN LIBRARY (Kitwe) _I90.22 _jTK 7885 Mis _M2 _UAVAILABLE _WNov 7, 2018 _y748579 _ZMain Library Open Access Collection |
||
| 995 |
_aMAIN LIBRARY OPEN ACCESS _e748578 _FCBU-MAIN LIBRARY (Kitwe) _I90.22 _jTK 7885 Mis _M1 _UAVAILABLE _WNov 7, 2018 _y748578 _ZMain Library Open Access Collection |
||
| 999 |
_c80882 _d80882 |
||